Copa CONIFA - Participantes - Statistics

Estatísticas Gerais
  • Esse quiz foi jogado 16 vezes
  • A pontuação média é 9 de 31
Estatísticas das Respostas
Seleção % Correto
Chipre do Norte
73%
Curdistão
64%
Transcarpátia
64%
Abecásia
55%
Ossétia do Sul
55%
Lapônia
45%
Somalilândia
45%
Tuvalu
45%
Condado de Nice
36%
Occitânia
36%
Artsaque
27%
Coreanos no Japão
27%
Darfur
27%
Armênia Ocidental
18%
Arquipélago de Chagos
18%
Barawa
18%
Cabília
18%
Cascádia
18%
Ellan Vannin
18%
Mapuches
18%
Matabelelândia
18%
Padânia
18%
País Sículo
18%
Panjabe
18%
Récia
18%
Arameus
9%
Cornualha
9%
Mariya
9%
Paróquias de Jersey
9%
Tamil Eelan
9%
Tibete
9%
Nenhum quiz correspondente encontrado
Distribuição das Pontuações
Porcentagem de Pessoas com Cada Pontuação
Percentil de Números Respondidos
Sua Pontuação Histórica
Você não jogou esse quiz